Bramkarze reprezentacji Polski w XXI wieku - Statystyki

Ogólne statystyki
  • Ten quiz został rozwiązany 793 razy
    253 od ostatniego zresetowania
  • Średni wynik to 12 z 30
Statystyki odpowiedzi
Lata gry # Nazwisko % Poprawnych
2009-2024 84 Wojciech Szczęsny
100%
2006-2021 57 Łukasz Fabiański
96%
1998-2013 60 Jerzy Dudek
94%
2004-2017 65 Artur Boruc
91%
2012- 16 Łukasz Skorupski
88%
2023- 4 Marcin Bułka
86%
2020- 2 Bartłomiej Drągowski
78%
2022- 1 Kamil Grabara
77%
2010-2016 14 Przemysław Tytoń
73%
2003-2012 11 Tomasz Kuszczak
53%
2021 1 Radosław Majecki
52%
2000-2002 7 Radosław Majdan
46%
2018 1 Bartosz Białkowski
42%
2002-2009 11 Wojciech Kowalewski
35%
2010-2011 3 Grzegorz Sandomierski
30%
1991-2002 34 Adam Matysek
29%
2014 1 Rafał Leszczyński
20%
2006-2010 4 Mariusz Pawełek
19%
1996-2003 13 Grzegorz Szamotulski
18%
2005-2010 9 Sebastian Przyrowski
17%
2009 1 Łukasz Załuska
14%
2013 1 Jakub Słowik
12%
2009 1 Radosław Cierzniak
12%
2014 1 Michał Miśkiewicz
11%
2002-2003 3 Mariusz Liberda
8%
2011 1 Michał Gliwa
6%
2011 1 Sebastian Małkowski
6%
2002 1 Andrzej Bledzewski
5%
2003-2004 2 Maciej Nalepa
5%
2000-2002 2 Jakub Wierzchowski
4%
Nie znaleziono quizów pasujących do podanych kryteriów
Rozkład punktacji
Procent ludzi z każdym wynikiem
Percentyl według liczby udzielonych odpowiedzi
Twoja historia wyników
Nie rozwiązałeś tego quizu od ostatniego zresetowania